Денежные отчеты Бюро Группы центра. В деле имеются списки членов Группы центра с отметками об уплате ими членских взносов и взно...

Доступно только в Электронных читальных залах Найти на картеНа карте
RUSMARC
00003655nac2a22002531x 450
00196730709-0990-4850-93a0-773daccccd9e
00520160224114239.0
100##$a20151228l19071911k y0rusy50 ca
1010#$arus
102##$aRU
105##$ay z |||||
1222#$ad19071231
$ad19111231
2001#$aДенежные отчеты Бюро Группы центра. В деле имеются списки членов Группы центра с отметками об уплате ими членских взносов и взносов Клубу общественных деятелей
$j1907-1911
215##$a19 листов
251##$cДело
300##$aЛисты: 1, 2, 13, 14 - надорваны; 8 - оторван правый верхний угол; 5 - пятно
300##$aМашинописный текст
330##$aВходит в раздел описи: 2. Материалы Бюро Группы центра Государственного Совета
461#0$100139b3a626-d0a0-47c3-aa28-5617d4973b79
$12001
$aГруппа центра Государственного совета
$1251
$cФонд
$1852
$j1178
462#0$1001048ab243-cffe-4e04-813f-03e83f42b87a
$12001
$aДела постоянного хранения
$vД. 51
$1251
$cОпись
$1852
$j1
60101$3RU\NLR\AUTH\889948591
$aРоссия
$bГосударственный совет
$bГруппа центра
801#0$aRU
$bGA_RF
801#1$aRU
$bНПО Опыт
$c20151228
$2rusmarc
801#2$aRU
$bПБ им. Б.Н. Ельцина
$c20160224
$gRCR
$2rusmarc
852##$aГА РФ
$j51
937##$d64733329
$hПБ
035##$aRuPRLIB51034399
Формат отображения